000 00567nam a2200181Ia 4500
003 GCL
008 140319s9999 xx 000 0 ara d
040 _aGCL /
_cGCL
082 0 4 _a291.1
_bا ف
100 1 _aابراهيم عيسى
245 1 0 _aفصل الخطاب فى ارتداء الحجاب /
_cابراهيم عيسى
300 _a52 ص
490 _aالهيئة العامة للاستعلامات
_v0
650 0 4 _aالاسلام
650 0 4 _aالحجاب
650 0 4 _aالاسلام وقضاياالاصلاح الاجتماعى
942 _2ddc
_cBK
999 _c49210
_d49210